| 000 | 00426cam a22001217a 4500 | ||
|---|---|---|---|
| 008 | 180718b1953 xxu||||| |||| 00| 0 eng d | ||
| 082 | _aT19x73 L554 | ||
| 100 | _aLeontief, Wassily | ||
| 245 |
_aStudie in the structure of the American economy - theoretical and compirical explosations in input-output _cby Wassily Leontief...[et. al.] |
||
| 260 |
_aNew York _bOUP _c1953 |
||
| 300 | _a561p. | ||
| 650 | _aUSA - Economic Conditions | ||
| 999 |
_c372031 _d372031 |
||